Moral Development : A Guide to Piaget and Kohlberg /

Bewaard in:
Bibliografische gegevens
Hoofdauteur: Duska, Ronald (autor)
Andere auteurs: Whelan, Mariellen (autor) (autor)
Formaat: Boek
Taal:Engels
Gepubliceerd in: Nueva York, EUA : Paulist Press, 1975, c1975
Onderwerpen:
Tags: Voeg label toe
Geen labels, Wees de eerste die dit record labelt!

MARC

LEADER 00000nam^a2200000^a^4500
001 000319609
005 20250521000000.0
009 20260310113446.569
020 |a 0-8091-1892-0 
037 |a Acervo ITESO - Biblioteca 
041 |a ING 
082 |a 155. 41825  |b DUS 
100 |a Duska, Ronald  |e (autor) 
245 1 0 |a Moral Development :  |b A Guide to Piaget and Kohlberg /  |c R. Duska, M. Whelan. 
264 4 |a Nueva York, EUA :  |b Paulist Press,  |c 1975, c1975 
300 |a 128 p. 
336 |a texto  |b txt  |2 rdacontenido 
337 |a sin mediación  |b n  |2 rdamedio 
338 |a volumen  |b nc  |2 rdasoporte 
649 |a XX 
650 |a Niños -  |x Condiciones Psicológicas 
650 |a Desarrollo Moral -  |x Tema Principal 
650 |a Etica Cristiana 
650 |a Etica -  |x Estudio y Enseñanza 
650 |a Psicología Evolutiva 
650 |a Piaget, Jean -  |x Tema Principal 
650 |a Kohlberg, Lawrence -  |x Tema Principal 
700 |a Whelan, Mariellen  |e (autor) 
910 |a Fondo General 
920 |a Impresos - Libros 
930 |a Colección General 
905 |a 101 
901 |a 0500206978  |b IT1  |c ACC  |u 20250521 
902 |a https://opac.biblio.iteso.mx/vufind/Record/000319609